| 000 | 00709nam a2200241 a 4500 | ||
|---|---|---|---|
| 001 | 27586 | ||
| 003 | BD-RjUL | ||
| 005 | 20211209051156.0 | ||
| 008 | 181021s1952 pk 00| 0 engmd | ||
| 020 | _c: PRs. 1.50 | ||
| 035 | _a(BD-RjUL)27660 | ||
| 040 |
_aDLC _cDLC _dm.c. _dBD-RjUL _beng |
||
| 041 | _aeng | ||
| 082 |
_a297.28 _bHII 1952 _223 |
||
| 100 | 1 |
_aHilali, Shaikh Ghulam Maqsud _9223968 |
|
| 245 | 1 | 0 |
_aIslamic attitude towards non-Muslims / _cby Shaikh Ghulam Maqsud Hilali |
| 260 |
_aRajshahi : _bManindra Nath Mitra, _c1952. |
||
| 300 |
_a[6], 55 p. ; _c22 cm. |
||
| 650 |
_aIslamic law. _9223969 |
||
| 650 |
_aIslam _9223970 |
||
| 650 |
_aInterfaith relations _9223971 |
||
| 942 |
_2ddc _cRAR |
||
| 999 |
_c27586 _d27586 |
||